Vplyv NPK - hnojenia a síry na resorpciu dusíka a síry lucernou siatou na mačinovej hnedej pôde

Bibliographic Details
Main Authors: Tomáš, Ján, 1948- (Author), Ivanič, Jozef, 1929- (Author)
Format: Article
Language:Slovak
PhysicalDescription:Obr. 2. Tb. 7. Res. angl., rus., lit. 13 zázn. v slov., ruš., angl.
Subjects:

MARC

LEADER 00000nab a2200000 a 4500
001 vtls000352119
003 SK-MaSNL
005 20260305001809.0
008 250424c1989 xo 0 slo
015 |a SNBRB19rr/mm-uuuuu 
035 |a CL0352241 
035 |a urn:nbn:sk:snk-abf1mg 
035 |a (urnnbn)urn:nbn:sk:snk:ar-0041vu 
035 |a (uuid)f0a2d4f6-dbc5-4fdb-b267-550854d037d8 
040 |a SNKBUCL  |b slo  |c SNKBUCL  |e AACR2 
041 0 |a slo 
044 |a xo  |c SK 
080 |a 633.31:631.893  |2 1981 
080 |a 631.893  |2 1981 
080 |a 633.31  |2 1981 
100 1 |a Tomáš, Ján,  |d 1948-  |4 aut  |9 132932 
245 1 0 |a Vplyv NPK - hnojenia a síry na resorpciu dusíka a síry lucernou siatou na mačinovej hnedej pôde  |c Ján Tomáš, Jozef Ivanič 
300 |b Obr. 2. Tb. 7. Res. angl., rus., lit. 13 zázn. v slov., ruš., angl. 
650 0 7 |a lucerna siata  |2 snkbucl  |9 52005 
655 7 |a články z novín a časopisov  |2 snkbucl  |9 267496 
700 1 |a Ivanič, Jozef,  |d 1929-  |4 aut  |9 260505 
773 0 |t Poľnohospodárstvo  |g Roč. 35, č. 3 (1989), s. 223-233 
850 |a Slovenská národná knižnica 
852 |a Slovenská národná knižnica 
954 |a odborná, vedecká literatúra pôvodná (slovenská)  |2 lita 
958 |a article27 
958 |a NB 
958 |a RK 
958 |a OND 
958 |a EUIPO 
992 |a RBX 
999 |c 3221306  |d 3223236